000 00762nam a22002057a 4500
999 _c19746
_d19746
003 AR-CdUCM
008 190521b ||||| |||| 00| 0 spa d
040 _aMUNICIPALIDAD PROVINCIAL DEL CUSCO
_cBIBLIOTECA MUNICIPAL DEL CUSCO
082 _a923.282 /
_bP792
100 _aPonce, Anibal
_92441
245 _aSarmiento :
_bconstructor de la nueva Argentina :
_bla vejez de Sarmiento /
260 _aBuenos Aires :
_bEl viento en el mundo,
_c1970.
300 _a288 páginas ;
_c20 cm.
505 _aContenido: El telar bajo la higuera -- Ni fraile ni doctor -- Un aprendiz de grande hombre -- La patria errante...
650 _aArgentina
_9511
650 _aConstructor
_941300
650 _aSarmiento
_941301
942 _2ddc
_cLIBROS
945 _adavv
_d2019-05-21